OECD Reviews of Labour Market and Social Policies: Lithuania

Gespeichert in:
Bibliographische Detailangaben
Format: Buch
Sprache:Englisch
Veröffentlicht: Paris OECD 2018
Schriftenreihe:OECD Reviews of Labour Market and Social Policies
Schlagworte:
Tags: Tag hinzufügen
Keine Tags, Fügen Sie das erste Tag hinzu!

MARC

LEADER 00000nam$a2200000$$$4500
001 0243028
005 20221220065754.8
020 |a 978-92-64-18965-2 
041 0 |a eng 
044 |a FR 
245 1 0 |a OECD Reviews of Labour Market and Social Policies: Lithuania 
264 1 |a Paris  |b OECD  |c 2018 
300 |a 197 s. 
490 1 |a OECD Reviews of Labour Market and Social Policies 
830 0 |a OECD Reviews of Labour Market and Social Policies 
610 2 0 |a emigrácia 
610 2 0 |a trh práce 
610 2 0 |a zamestnanosť 
610 2 0 |a právo pracovné 
610 2 0 |a politika zamestnanosti 
610 2 0 |a systémy dôchodkové 
610 2 0 |a Litva